Normal view
MARC view
Entry Topical Term
001 - CONTROL NUMBER
- control field: 29201
003 - CONTROL NUMBER IDENTIFIER
- control field: ARRUPE
005 - DATE AND TIME OF LATEST TRANSACTION
- control field: 20170301094921.0
008 - FIXED-LENGTH DATA ELEMENTS
- fixed length control field: 170301|| aca||aabn | a|a d
040 ## - CATALOGING SOURCE
- Original cataloging agency: ARRUPE
- Transcribing agency: ARRUPE
150 ## - HEADING--TOPICAL TERM
- Topical term or geographic name as entry element: Church history
- General subdivision: Primitive
- General subdivision: Addresses
670 ## - SOURCE DATA FOUND
- Source citation: Work cat.: (ARRUPE)16664: The conversion of Constantine